Lineament Map of Area 7 of the New Hampshire Bedrock Aquifer Assessment, West-Central New Hampshire, Scale 1:48,000, U.S. Geological Survey, Open-File Report 98-190, 1998.

Bibliographic Details
Corporate Author: Geological Survey (U.S.)
Format: Government Document Book
Language:English
Published: [Place of publication not identified] : [publisher not identified], [1999?]

MARC

Tag First Indicator Second Indicator Subfields
LEADER 00000cam a22000007a 4500
001 in00000002733
005 20151007050755.0
008 990114s1999 xxu f000 0 eng d
035 |a (OCoLC) 
035 |a tmp97138799 
035 |9 AJD7711AM 
040 |a MvI  |c MvI  |d UtOrBLW 
049 |a UDOC 
074 |a 0624-H 
086 0 |a I 19.76:98-190 
245 0 0 |a Lineament Map of Area 7 of the New Hampshire Bedrock Aquifer Assessment, West-Central New Hampshire, Scale 1:48,000, U.S. Geological Survey, Open-File Report 98-190, 1998. 
264 1 |a [Place of publication not identified] :  |b [publisher not identified],  |c [1999?] 
336 |a text  |b txt  |2 rdacontent 
337 |a unmediated  |b n  |2 rdamedia 
338 |a volume  |b nc  |2 rdacarrier 
500 |a Shipping List #: 99-0096-P 
500 |a Shipping List Date: 01/07/99 
710 2 |a Geological Survey (U.S.) 
999 |a MARS 
999 f f |s 910ede64-59b6-3916-b785-959bc1fdd895  |i 394ad414-bb90-33a2-b57a-ef3db5bb193e  |t 0 
952 f f |p normal  |a Texas A&M University  |b College Station  |c Sterling C. Evans Library  |d Evans: US Documents (Annex 5th floor)  |t 0  |e I 19.76:98-190  |h Superintendent of Documents classification  |i unmediated -- volume  |m A14824444207 
998 f f |a I 19.76:98-190  |t 0  |l Evans: US Documents (Annex 5th floor)